Chance and probability : (Record no. 68878)

MARC details
000 -LEADER
fixed length control field 01159nam a22002657a 4500
005 - DATE AND TIME OF LATEST TRANSACTION
control field 20120806112954.0
008 - FIXED-LENGTH DATA ELEMENTS--GENERAL INFORMATION
fixed length control field 120806t xxu||||| |||| 00| 0 eng d
010 ## - LCCN (DPL NO)
LC control number ENG-105502
020 ## - INTERNATIONAL STANDARD BOOK NUMBER
International Standard Book Number 9788180697296
Terms of availability 850.00
020 ## - INTERNATIONAL STANDARD BOOK NUMBER
International Standard Book Number 8180697290
Terms of availability 850.00
035 ## - SYSTEM CONTROL NUMBER
System control number EN-89035
037 ## - SOURCE OF ACQUISITION
Source of stock number/acquisition DBAD / PUB
040 ## - CATALOGING SOURCE
Original cataloging agency dpl
Language of cataloging English
082 ## - DEWEY DECIMAL CLASSIFICATION NUMBER
Classification number 300.72
100 ## - MAIN ENTRY--PERSONAL NAME
Personal name Tanner, R.E.S.
9 (RLIN) 50740
245 ## - TITLE STATEMENT
Title Chance and probability :
Statement of responsibility, etc by R.E.S. Tanner.
Remainder of title the limitations of the social sciences /
260 ## - PUBLICATION, DISTRIBUTION, ETC. (IMPRINT)
Place of publication, distribution, etc New Delhi
Name of publisher, distributor, etc Concept Publishing
Date of publication, distribution, etc 2011
270 ## - ADDRESS
Address A/15-16, Commercial Block, Mohan Garden
City New Delhi
Postal code 110059
300 ## - PHYSICAL DESCRIPTION
Extent xvi, 342p.
Dimensions 23cm(Hb)
500 ## - GENERAL NOTE
General note Includes bibliographical references (p. [309]-330) and index.
505 ## - FORMATTED CONTENTS NOTE
Formatted contents note pt. A. Social science and human behaviour -- pt. B. Chance affecting the nature and outcomes of research -- pt. C. Probability : professionalized guessing.
650 ## - SUBJECT ADDED ENTRY--TOPICAL TERM
Topical term or geographic name as entry element Social sciences
General subdivision Research.
9 (RLIN) 50769
942 ## - ADDED ENTRY ELEMENTS (KOHA)
Source of classification or shelving scheme Dewey Decimal Classification
Item type English Books
Call number suffix TAN
Classification part 300.72
Holdings
Withdrawn status Lost status Source of classification or shelving scheme Damaged status Not for loan Collection code Home library Current library Date acquired Source of acquisition Cost, normal purchase price Total Checkouts Full call number Barcode Date last seen Copy number Cost, replacement price Koha item type
    Dewey Decimal Classification   Not For Loan Non-fiction D.B.Act.Division D.B.Act.Division 06/08/2012 DBAD/PUB 850.00   300.72 TAN EN-89035 06/08/2012 1 850.00 English Books

© Delhi Public Library
Hit Counter
free hit counter